000 00588cam a2200145 4500500
005 20260208010539.0
041 _afre
042 _adc
100 1 0 _aAdam, Michel
_eauthor
245 0 0 _aGiorgio Colli, La naissance de la philosophie, trad. de Patricia Farazzi, Combas, L’Éclat, 2004, coll. « Polemos », 116 p., 12 E.
260 _c2005.
500 _a17
786 0 _nRevue philosophique de la France et de l'étranger | 130 | 1 | 2005-03-01 | p. 77w-130w | 0035-3833
856 4 1 _uhttps://shs.cairn.info/revue-philosophique-2005-1-page-77w?lang=fr&redirect-ssocas=7080
999 _c1657063
_d1657063